000 00199nam a22000977a 4500
999 _c16237
_d16237
003 OSt
008 200625b ||||| |||| 00| 0 eng d
100 _aK surendran
_94636
245 _aJwala
942 _cBK